000 00382nam a2200145Ia 4500
008 221030s9999 xx 000 0 und d
041 _aEnglish
082 _a105.23
_bSah
100 _aS. K. Sahdev
245 0 _aFundamentals of Electrical Engineering & Electronics
_cby S. K. Sahdev
260 _bDhanpat Rai Pub
_aIndia
_c2002
300 _a453
650 _aECE & EE
942 _cBK
999 _c1910
_d1910